Canada - Largest cities - Statistics

General Stats
  • This quiz has been taken 47 times
  • The average score is 8 of 10
Answer Stats
Hint Answer % Correct
2. Montreal
100%
1. Toronto
100%
8. Vancouver
98%
3. Calgary
95%
5. Edmonton
90%
4. Ottawa
90%
7. Winnipeg
80%
10. Hamilton
49%
6. Mississauga
41%
9. Brampton
22%
No matching quizzes found
Score Distribution
Percent of People with Each Score
Percentile by Number Answered
Your Score History
You have not taken this quiz